| 000 | 01899cam a22005294a 4500 | ||
|---|---|---|---|
| 001 | muse8854 | ||
| 003 | MdBmJHUP | ||
| 005 | 20210127150948.0 | ||
| 006 | m o d | ||
| 007 | cr||||||||nn|n | ||
| 008 | 050621s2004 onc o 00 0 fre d | ||
| 010 | _z 2005415487 | ||
| 020 | _a9782760317406 | ||
| 020 | _a2760317404 | ||
| 020 | _z2760305813 | ||
| 020 | _z9782760305816 | ||
| 035 | _a(OCoLC)144082397 | ||
| 040 |
_aMdBmJHUP _cMdBmJHUP |
||
| 041 | 0 |
_afre _aeng |
|
| 050 | 0 | 4 |
_aPQ3919.2.H87 _bZ92 2004 |
| 082 | 0 |
_a843/.914 _222 |
|
| 245 | 0 | 0 |
_aVision-Division _bL'oeuvre de Nancy Huston / _csous la direction de Marta Dvořák et Jane Koustas. |
| 264 | 1 | _bPresses de l'Universite d'Ottawa, | |
| 264 | 3 | _bProject MUSE, | |
| 300 | _a1 online resource (xxii, 136 p.) | ||
| 490 | 0 |
_aCollection internationale d'etudes canadiennes, _x1489-713X = International Canadian studies series |
|
| 504 | _aIncludes bibliographical references. | ||
| 506 | 0 |
_aOpen Access _fUnrestricted online access _2star |
|
| 546 | _aFrench and English. | ||
| 588 | _aDescription based on print version record. | ||
| 600 | 1 | 1 |
_aHuston, Nancy, _d1953- _xCriticism and interpretation. |
| 650 | 0 | _aHypocrisy in literature. | |
| 650 | 0 | _aDoubles in literature. | |
| 655 | 7 |
_aElectronic books. _2local |
|
| 700 | 1 |
_aKoustas, Jane, _d1954- |
|
| 700 | 1 | _aDvorak, Marta. | |
| 710 | 2 |
_aProject Muse. _edistributor |
|
| 830 | 0 | _aInternational Canadian studies series. | |
| 830 | 0 | _aBook collections on Project MUSE. | |
| 856 | 4 | 0 |
_zFull text available: _uhttps://muse.jhu.edu/book/12448/ |
| 945 | _aProject MUSE - Archive Literature Foundation | ||
| 945 | _aProject MUSE - Archive Complete Foundation | ||
| 999 |
_c24120 _d24120 |
||